Random Ukrainian Words #2 - Statistics

General Stats
  • This quiz has been taken 78 times
  • The average score is 9 of 21
Answer Stats
Ukrainian English % Correct
Ведмідь Bear
77%
Парфум Perfume
77%
Ранок Morning
68%
Гра Game
67%
Гумор Humour
65%
Гроші Money
62%
Релігія‎ Religion
62%
Квітка Flower
58%
Ліжко Bed
47%
Стріла Arrow
39%
Лялька Doll
39%
Метелик Butterfly
38%
Мило Soap
38%
Сміх Laughter
30%
Увага Warning
26%
Сокіл Falcon
24%
Жолудь Acorn
15%
Наречена Bride
12%
Намисто Necklace
11%
Напруга Tension
6%
Повість Novella
5%
No matching quizzes found
Score Distribution
Percent of People with Each Score
Percentile by Number Answered
Your Score History
You have not taken this quiz